00597nam a2200181 a 45000010010000000030011000100080041000210350026000620820018000881000025001062450035001312600059001666500052002259420012002779520091002899980020003809990015004000000-9192ELIB.Books110520 1988  a(ELIB.Books)0000-9344 a285.732 bVan aVan Wylen, Gordon J. aVision for a Christian College bGrand Rapids: Wm .B.Eerdmans Publishing Company c1988 aReformed Church In America - Higher - Education 2ddccBK 00102ddc4070aKBTSbKBTSd2011-05-20l0p11267r2022-01-22 00:00:00w2022-01-22yBK cbate2011-05-20 c9192d9192